Essentials of exercise physiology. (2nd ed.) (Record no. 63834)

MARC details
000 -LEADER
fixed length control field 01085nam a2200265 a 4500
008 - FIXED-LENGTH DATA ELEMENTS--GENERAL INFORMATION
fixed length control field 110930s2000 ||||||||||||||||| || u
020 ## - INTERNATIONAL STANDARD BOOK NUMBER
International Standard Book Number 0683305077
050 ## - LIBRARY OF CONGRESS CALL NUMBER
Classification number OP 301 Mac
100 ## - MAIN ENTRY--PERSONAL NAME
Personal name Katch, Victor L
245 10 - TITLE STATEMENT
Title Essentials of exercise physiology. (2nd ed.)
250 ## - EDITION STATEMENT
Edition statement 2nd ed.
260 ## - PUBLICATION, DISTRIBUTION, ETC.
Place of publication, distribution, etc. Philadelphia:
Name of publisher, distributor, etc. Lippincott Willaims & Wilkins
Date of publication, distribution, etc. 2000
300 ## - PHYSICAL DESCRIPTION
Extent 679p.: ill.
350 ## -
-- 0.00
650 ## - SUBJECT ADDED ENTRY--TOPICAL TERM
Topical term or geographic name entry element PHYSIOLOGY
650 ## - SUBJECT ADDED ENTRY--TOPICAL TERM
Topical term or geographic name entry element EXERCISE--PHYSIOLOGICAL ASPECTS
650 ## - SUBJECT ADDED ENTRY--TOPICAL TERM
Topical term or geographic name entry element PHYSICAL FITNESS--PHYSIOLOGY
650 #3 - SUBJECT ADDED ENTRY--TOPICAL TERM
Topical term or geographic name entry element SPORTS MEDICINE
650 ## - SUBJECT ADDED ENTRY--TOPICAL TERM
Topical term or geographic name entry element EXERCISE--PHYSIOLOGY
650 #0 - SUBJECT ADDED ENTRY--TOPICAL TERM
Topical term or geographic name entry element HUMAN PHYSIOLOGY
700 ## - ADDED ENTRY--PERSONAL NAME
Personal name Katch, Frank I
700 ## - ADDED ENTRY--PERSONAL NAME
Personal name Mcardle, William D
995 ## -
-- MEDICAL LIBRARY OPEN ACCESS
-- 0.00
-- 901440
-- CBU-SCHOOL OF MEDICINE LIBRARY (Ndola)
-- 1
-- 0.00
-- OP 301 Mac MCA
-- 1
-- AVAILABLE
-- Dec 1, 2011
-- 901440
-- Medical Library Open Access Collection
995 ## -
-- MICHAEL CHILUFYA SATA OPEN ACCESS
-- 0.00
-- 901441
-- CBU-SCHOOL OF MEDICINE LIBRARY (Ndola)
-- 1
-- 0.00
-- OP 301 Mac MCA
-- 2
-- AVAILABLE
-- Dec 1, 2011
-- 901441
-- Medical Library Open Access Collection
999 ## -
-- 63834
-- 63834
Holdings
Withdrawn status Lost status Source of classification or shelving scheme Damaged status Not for loan Permanent Location Current Location Shelving location Date acquired Total Checkouts Full call number Barcode Date last seen Copy number Price effective from Koha item type
          CBU-MICHAEL CHILUFYA SATA LIBRARY CBU-MICHAEL CHILUFYA SATA LIBRARY   02/01/2023   OP 301 Mac 901441 02/01/2023 2 02/01/2023 MONOGRAPH
          CBU-SCHOOL OF MEDICINE LIBRARY, NDOLA. CBU-SCHOOL OF MEDICINE LIBRARY, NDOLA.   02/01/2023   OP 301 Mac 901440 02/01/2023 1 02/01/2023 MONOGRAPH